| LEADER | 05101nam a2200493 4500 | ||
|---|---|---|---|
| 082 | |a 530 |b V123l | ||
| 100 | |a Vũ Quang Tổng (chủ biên), Đoàn Duy Hinh (chủ biên), Nguyễn Văn Hòa,... | ||
| 245 | |a Vật lý 9 |c Vũ Quang Tổng (chủ biên), Đoàn Duy Hinh (chủ biên), Nguyễn Văn Hòa,... | ||
| 260 | |a H.: |b Giáo dục, |c 2005 | ||
| 300 | |a 167tr.; |c 24cm. | ||
| 520 | |a v.v... | ||
| 653 | |a Vật lý | ||
| 942 | |2 ddc |c STK | ||
| 999 | |c 12112 |d 12112 | ||
| 952 | |0 0 |1 0 |2 ddc |4 0 |6 530_000000000000000_V123L |7 0 |8 500 |9 103212 |a qbu |b qbu |c D3 |d 2015-12-15 |g 7600 |o 530 V123l |p 11559.c1 |r 0000-00-00 |w 2015-12-15 |y STK | ||
| 952 | |0 0 |1 0 |2 ddc |4 0 |6 530_000000000000000_V123L |7 0 |8 500 |9 103213 |a qbu |b qbu |c D3 |d 2015-12-15 |g 7600 |o 530 V123l |p 11559.c2 |r 0000-00-00 |w 2015-12-15 |y STK | ||
| 952 | |0 0 |1 0 |2 ddc |4 0 |6 530_000000000000000_V123L |7 0 |8 500 |9 103214 |a qbu |b qbu |c D3 |d 2015-12-15 |g 7600 |o 530 V123l |p 11559.c3 |r 0000-00-00 |w 2015-12-15 |y STK | ||
| 952 | |0 0 |1 0 |2 ddc |4 0 |6 530_000000000000000_V123L |7 0 |8 500 |9 103215 |a qbu |b qbu |c D3 |d 2015-12-15 |g 7600 |o 530 V123l |p 11559.c4 |r 0000-00-00 |w 2015-12-15 |y STK | ||
| 952 | |0 0 |1 0 |2 ddc |4 0 |6 530_000000000000000_V123L |7 0 |8 500 |9 103216 |a qbu |b qbu |c D3 |d 2015-12-15 |g 7600 |o 530 V123l |p 11559.c5 |r 0000-00-00 |w 2015-12-15 |y STK | ||
| 952 | |0 0 |1 0 |2 ddc |4 0 |6 530_000000000000000_V123L |7 0 |8 500 |9 103217 |a qbu |b qbu |c D3 |d 2015-12-15 |g 7600 |o 530 V123l |p 11559.c6 |r 0000-00-00 |w 2015-12-15 |y STK | ||
| 952 | |0 0 |1 0 |2 ddc |4 0 |6 530_000000000000000_V123L |7 0 |8 500 |9 103218 |a qbu |b qbu |c D3 |d 2015-12-15 |g 7600 |o 530 V123l |p 11559.c7 |r 0000-00-00 |w 2015-12-15 |y STK | ||
| 952 | |0 0 |1 0 |2 ddc |4 0 |6 530_000000000000000_V123L |7 0 |8 500 |9 103219 |a qbu |b qbu |c D3 |d 2015-12-15 |g 7600 |o 530 V123l |p 11559.c8 |r 0000-00-00 |w 2015-12-15 |y STK | ||
| 952 | |0 0 |1 0 |2 ddc |4 0 |6 530_000000000000000_V123L |7 0 |8 500 |9 103220 |a qbu |b qbu |c D3 |d 2015-12-15 |g 7600 |o 530 V123l |p 11559.c9 |r 0000-00-00 |w 2015-12-15 |y STK | ||
| 952 | |0 0 |1 0 |2 ddc |4 0 |6 530_000000000000000_V123L |7 0 |8 500 |9 103221 |a qbu |b qbu |c D3 |d 2015-12-15 |g 7600 |o 530 V123l |p 11559.c10 |r 0000-00-00 |w 2015-12-15 |y STK | ||
| 952 | |0 0 |1 0 |2 ddc |4 0 |6 530_000000000000000_V123L |7 0 |8 500 |9 103222 |a qbu |b qbu |c D3 |d 2015-12-15 |g 7600 |o 530 V123l |p 11559.c11 |r 0000-00-00 |w 2015-12-15 |y STK | ||
| 952 | |0 0 |1 0 |2 ddc |4 0 |6 530_000000000000000_V123L |7 0 |8 500 |9 103223 |a qbu |b qbu |c D3 |d 2015-12-15 |g 7600 |o 530 V123l |p 11559.c12 |r 0000-00-00 |w 2015-12-15 |y STK | ||
| 952 | |0 0 |1 0 |2 ddc |4 0 |6 530_000000000000000_V123L |7 0 |8 500 |9 103224 |a qbu |b qbu |c D3 |d 2015-12-15 |g 7600 |o 530 V123l |p 11559.c13 |r 0000-00-00 |w 2015-12-15 |y STK | ||
| 952 | |0 0 |1 0 |2 ddc |4 0 |6 530_000000000000000_V123L |7 0 |8 500 |9 103225 |a qbu |b qbu |c D3 |d 2015-12-15 |g 7600 |o 530 V123l |p 11559.c14 |r 0000-00-00 |w 2015-12-15 |y STK | ||
| 952 | |0 0 |1 0 |2 ddc |4 0 |6 530_000000000000000_V123L |7 0 |8 500 |9 103226 |a qbu |b qbu |c D3 |d 2015-12-15 |g 7600 |o 530 V123l |p 11559.c15 |r 0000-00-00 |w 2015-12-15 |y STK | ||
| 952 | |0 0 |1 0 |2 ddc |4 0 |6 530_000000000000000_V123L |7 0 |8 500 |9 103227 |a qbu |b qbu |c D3 |d 2015-12-15 |g 7600 |o 530 V123l |p 11559.c16 |r 0000-00-00 |w 2015-12-15 |y STK | ||
| 952 | |0 0 |1 0 |2 ddc |4 0 |6 530_000000000000000_V123L |7 0 |8 500 |9 103228 |a qbu |b qbu |c D3 |d 2015-12-15 |g 7600 |o 530 V123l |p 11559.c17 |r 0000-00-00 |w 2015-12-15 |y STK | ||
| 952 | |0 0 |1 0 |2 ddc |4 0 |6 530_000000000000000_V123L |7 0 |8 500 |9 103229 |a qbu |b qbu |c D3 |d 2015-12-15 |g 7600 |o 530 V123l |p 11559.c18 |r 0000-00-00 |w 2015-12-15 |y STK | ||
| 952 | |0 0 |1 0 |2 ddc |4 0 |6 530_000000000000000_V123L |7 0 |8 500 |9 103230 |a qbu |b qbu |c D3 |d 2015-12-15 |g 7600 |o 530 V123l |p 11559.c19 |r 0000-00-00 |w 2015-12-15 |y STK | ||
| 952 | |0 0 |1 0 |2 ddc |4 0 |6 530_000000000000000_V123L |7 0 |8 500 |9 103231 |a qbu |b qbu |c D3 |d 2015-12-15 |g 7600 |o 530 V123l |p 11559.c20 |r 0000-00-00 |w 2015-12-15 |y STK | ||
| 952 | |0 0 |1 0 |2 ddc |4 0 |6 530_000000000000000_V123L |7 0 |8 500 |9 103232 |a qbu |b qbu |c D3 |d 2015-12-15 |g 7600 |o 530 V123l |p 11559.c21 |r 0000-00-00 |w 2015-12-15 |y STK | ||
| 952 | |0 0 |1 0 |2 ddc |4 0 |6 530_000000000000000_V123L |7 0 |8 500 |9 103233 |a qbu |b qbu |c D3 |d 2015-12-15 |g 7600 |o 530 V123l |p 11559.c22 |r 0000-00-00 |w 2015-12-15 |y STK | ||
| 952 | |0 0 |1 0 |2 ddc |4 0 |6 530_000000000000000_V123L |7 0 |8 500 |9 103234 |a qbu |b qbu |c D3 |d 2015-12-15 |g 7600 |o 530 V123l |p 11559.c23 |r 0000-00-00 |w 2015-12-15 |y STK | ||
| 952 | |0 0 |1 0 |2 ddc |4 0 |6 530_000000000000000_V123L |7 0 |8 500 |9 103235 |a qbu |b qbu |c D3 |d 2015-12-15 |g 7600 |o 530 V123l |p 11559.c24 |r 0000-00-00 |w 2015-12-15 |y STK | ||
| 952 | |0 0 |1 0 |2 ddc |4 0 |6 530_000000000000000_V123L |7 0 |8 500 |9 103236 |a qbu |b qbu |c D3 |d 2015-12-15 |g 7600 |o 530 V123l |p 11559.c25 |r 0000-00-00 |w 2015-12-15 |y STK | ||
| 952 | |0 0 |1 0 |2 ddc |4 0 |6 530_000000000000000_V123L |7 0 |8 500 |9 103237 |a qbu |b qbu |c D3 |d 2015-12-15 |g 7600 |l 1 |o 530 V123l |p 11559.c26 |r 2016-09-19 |s 2016-09-19 |w 2015-12-15 |y STK | ||
| 952 | |0 0 |1 0 |2 ddc |4 0 |6 530_000000000000000_V123L |7 0 |8 500 |9 103238 |a qbu |b qbu |c D3 |d 2015-12-15 |g 7600 |o 530 V123l |p 11559.c27 |r 0000-00-00 |w 2015-12-15 |y STK | ||
| 952 | |0 0 |1 0 |2 ddc |4 0 |6 530_000000000000000_V123L |7 0 |8 500 |9 103239 |a qbu |b qbu |c D3 |d 2015-12-15 |g 7600 |o 530 V123l |p 11559.c28 |r 0000-00-00 |w 2015-12-15 |y STK | ||
| 952 | |0 0 |1 0 |2 ddc |4 0 |6 530_000000000000000_V123L |7 0 |8 500 |9 103240 |a qbu |b qbu |c D3 |d 2015-12-15 |g 7600 |o 530 V123l |p 11559.c29 |r 0000-00-00 |w 2015-12-15 |y STK | ||
| 952 | |0 0 |1 0 |2 ddc |4 0 |6 530_000000000000000_V123L |7 0 |8 500 |9 103241 |a qbu |b qbu |c D3 |d 2015-12-15 |g 7600 |o 530 V123l |p 11559.c30 |r 0000-00-00 |w 2015-12-15 |y STK | ||